| 000 | 00622nam a2200217Ii 4500 | ||
|---|---|---|---|
| 001 | 4638 | ||
| 003 | CO-ViMGA | ||
| 008 | 241108s9999||||xx |||||||||||||| ||und|| | ||
| 020 | _a958614822X | ||
| 040 |
_aCO-ViMGA _bspa _erda _cCO-ViMGA |
||
| 041 | 0 | _aspa | |
| 082 | 0 | 4 | _aR 910 M67ha |
| 100 | 1 |
_aHéctor Mora _947694 |
|
| 245 | 1 | 0 |
_aHaciendo maletas : _buna compañía para el viajero |
| 264 | 1 | _aBogotá, Colombia : Planeta, 2000 | |
| 300 | _avolumen | ||
| 336 |
_atext _btxt _2rdacontent |
||
| 337 |
_aunmediated _bn _2rdamedia |
||
| 338 |
_avolume _bnc _2rdacarrier |
||
| 940 | _aidficha_siabuc: 4522. -- ficha_no_siabuc:4638 | ||
| 999 |
_c42297 _d42297 |
||